Catalogue 1985:Equipment for soil research
में बचाया:
| स्वरूप: | पुस्तक |
|---|---|
| भाषा: | Undetermined |
| प्रकाशित: |
The Netherland
EijKelkamp
1985
|
| विषय: | |
| टैग : |
टैग जोड़ें
कोई टैग नहीं, इस रिकॉर्ड को टैग करने वाले पहले व्यक्ति बनें!
|
| Thư viện lưu trữ: | Trung tâm Học liệu Trường Đại học Cần Thơ |
|---|
| LEADER | 00448nam a2200157Ia 4500 | ||
|---|---|---|---|
| 001 | CTU_28245 | ||
| 008 | 210402s9999 xx 000 0 und d | ||
| 082 | |a 025.324 | ||
| 082 | |b C357 | ||
| 245 | 0 | |a Catalogue 1985:Equipment for soil research | |
| 260 | |a The Netherland | ||
| 260 | |b EijKelkamp | ||
| 260 | |c 1985 | ||
| 650 | |a agricultural tools - bibliography | ||
| 904 | |i Liên, 981029 | ||
| 980 | |a Trung tâm Học liệu Trường Đại học Cần Thơ | ||